[Event "HCL-A2520"]
[Site "www.playchess.de"]
[Date "2006.01.05"]
[Round "9"]
[White "manolo_vs"]
[Black "Smallville2006"]
[WhiteElo "1556"]
[BlackElo "1700"]
[PlyCount "62"]
[Result "0-1"]

1.e4 c6 2.d4 d5 3.e5 Bf5 4.Bd3 Bxd3 5.Qxd3 e6 
6.Be3 c5 7.f4 Qb6 8.Qb3 Qxb3 9.axb3 cxd4 10.Bxd4 
Nc6 11.c3 Nxd4 12.cxd4 Bb4+ 13.Nc3 Ne7 14.g4 f6 
15.Nge2 fxe5 16.fxe5 O-O 17.Kd2 Ng6 18.Rhf1 Rxf1 
19.Rxf1 Rf8 20.Rxf8+ Kxf8 21.Ke3 a6 22.Nc1 Ne7 
23.Nd3 Nc6 24.Na2 Be7 25.Nc5 Nxe5 26.Nxe6+ Kf7 
27.dxe5 Kxe6 28.Kd4 Bd8 29.Nc1 Bb6+ 30.Kc3 Kxe5 
31.Nd3+ Ke4 0-1

[Event "HCL-A2434"]
[Site "www.playchess.de"]
[Date "2006.01.05"]
[Round "7"]
[White "knightprancer"]
[Black "golddim"]
[WhiteElo "1301"]
[BlackElo "1506"]
[PlyCount "116"]
[Result "0-1"]

1.d4 {all the best from a cool and dreary autumn 
day in south western Ontario !}  Nf6 {Thanks. Can 
I get some of the coolness, please?}  2.e3 {where 
are you ,near the Negev desert,if so puff it's on 
it's way ..lol}  e6 {No, I'm in the centre, but 
it's rather hot here too.}  3.Bd3 {is it true that 
on mt i think Hebron there is snow skiing ?}  c5 
{Hermon mnt. you mean. Hebron is a palestinian 
city.}  4.c3 {sorry for the mistake. is there 
skiing at Mt Hermon ?}  d5 {Sure, in the winter 
people go to ski there.}  5.f4 {I see that Isreal 
has ice hockey and that it is growing in 
popularity .that's cool.Ice hockey in Canada is 
the number one sport.}  Nc6 {Never heard about 
ice-hockey in Israel.}  6.Nf3 {About three years 
ago the Israeli mens national team won the Asian 
Cup . There are two cities in Isreal that has ice 
rinks year round .}  cxd4 {OK, if you say so...}  
7.cxd4 {Have you ever beeen to any of the chess 
clubs in Isreal ? Isreal has many strong players.} 
 Be7 {No, I'm just an amateur. Never played in the 
club.}  8.O-O {Do you follow Isreal's results 
during the annual chess Olyimpiad Tournament ? 
Isreal has put in fine performances over the 
years.}  O-O {Don't have time for this, 
unfortunately.}  9.Ne5 {Do you follow the soccer 
scene there ?and if you do ,has Isreal qualified 
for the World Cup ? Canada hasn't .Hmm I'am not 
sure if they ever have,Maybe just once .}  Bd7 
{No, Israel is not inside. Maybe, because Iran and 
Saudia are :)}  10.g4 {is soccor Isreal's overall 
favorite sport ? In Canada hockey is.}  h6 {I'm 
not sure. Maybe a soccer, or maybe a basketball. I 
prefer soccer anyway.}  11.Nd2 {I cheer for Queens 
Park Rangers in the English Championship League 
and so far this year they are drawing their way in 
the standinds with many ties.}  Rc8 12.a3 Qb6 
13.b4 Rfd8 14.g5 hxg5 15.fxg5 {how are you today ? 
The weather here is rainy and chilly .The weather 
person said tonights temperature could go down to 
-1 ...brrrr}  Nxe5 {It's getting cold here too. 
We're already at 20C and it's raining :)}  16.gxf6 
{Do you know anything about bee keeping in Isreal 
? if so what is the main kind of bees that bee 
keepers use ? I've done bee keeping in the past 
and find it fascinating on how other countries bee 
keep. We in Canada mainly use the Italien breed of 
bees.}  Nxd3 {Have no idea. There are several 
places in Israel with bee keeping and very tasty 
honey. But I have no idea about the details you're 
asking.}  17.fxe7 {In the Negev desert ,does 
cactus plants grow there ? I've tasted honey from 
the cactus plant and in my opion ,it's the best 
!!}  Rde8 {These cactuses are called "Sabres". 
This is a very special kind of cactus. There 
fruits are very tasty too.}  18.Qf3 {Are they 
harvested for the food market ?}  Rxe7 {Yes, they 
are. They are very sweet, but have small sharp 
thorns. That's why Israelis call themselves 
"Sabres" - thrusting from outside, but sweet 
inside :)}  19.Qg3 {Do people ever make wine from 
Sabres ? If they do ,that would be a very unique 
taste !}  Rc2 {Never heard about it. Maybe an idea 
for a startup?}  20.Qg5 {Hmm good be a good 
venture for someone ,maybe someone such as 
yourself !? 
 Is it true that the olive tree has a life span 
about five hundred years or more ?}  Qd6 {Hmmm, I 
feel like playing the trivia, not chess :)}  21.h4 
{I'am sorry I talk to much ,i'am facinated with 
different cultures ,I find the internet an 
exciting place to learn and grow in friendships 
and knowledge !}  Nxc1 {No problem with it. But 
I'm new to Israel. I don't live here since the 
birth.}  22.Raxc1 {Isreal is so rich in history 
for such a small area . There are many beautiful 
gardens and natural areas to see !}  Rxd2 {Have 
you ever been here?}  23.Rf2 {No I have not though 
I almost did back in 1986 . I had a downpayment 
made with a college group and then a medical 
concern came up and at that time the procedure 
wasn't covered by our provinial health plan  so I 
cancalled my trip.}  Rxf2 {I hope it wasn't your 
last opportunity to visit this interesting land.}  
24.Kxf2 {No it's not my last .It's on my to do 
list in my life time.}  f6 25.Qg2 Bc6 26.h5 { Have 
you heard of seventeen year old Leonid Gershoy 
formerly of Isreal now living in Toronto Canada ? 
He recently played in a strong chess tournament in 
Toronto and shared 1st place and recieved the 
International Masters title .}  e5 {No, never. I 
don't follow chess news. But according to the name 
he's from the former USSR :)}  27.Qg4 {Do you ever 
go exploring for old artifacts or for fossils ? 
Moshe Dyan for him that was a favorite pastime. 
I've read much on him ,he was a very couragous man 
and wise .}  f5 {Your curiosity is amasing. Or 
maybe you read encyclopedia while typing? ;)}  
28.Qh4 {LOL 'no I don't read the encyclopedia 
while typing .Though I enjoy reading about history 
and the Middle East very much .Also Biographies 
from the local libraries .How about yourself ?}  
e4 {I prefer chess history and geography. But I 
memorize only the things that cannot change, like 
ex-world champions and countries' areas.}  29.Rg1 
{Do you mean exworld champions pertaining to chess 
?}  Re6 {Yes}  30.Qg5 {Being that you enjoy chess 
history ,A great way to study and learn is to 
collect postage stamps on the topical theme 
..chess ! A well researched web site on chess 
topicals is-  www.trussel.com/f_stamps.htm}  Qe7 
{Thank you, I will visit it.}  31.Qf4 {Today we 
are having our first snow flurries of the new 
season .The past few days the temperture has been 
bittly cold with stong winds. Manitoba ,Saskatewan 
and nothern Ontario have recieved 15-30 cm of snow 
in the past few days.}  Kf8 32.Qb8+ Qe8 33.Qh2 Rh6 
34.Qg3 Qe7 35.Qb8+ Kf7 36.b5 Bxb5 37.Qg3 Qf6 
38.Qc7+ Kg8 39.Qc8+ {Good day,how are you?}  Kh7 
40.Qxb7 Qh4+ {Fine, thanks :)}  41.Rg3 Qh2+ 42.Rg2 
{How is the weather over there? we're in the start 
of a nasty snow storm ,expecting between 20-30 cm 
of snowby Friday evening.}  Qh4+ {It's nasty here 
too today. The summer is over and it's raining all 
day long. And it's very cold, just about +16C.}  
43.Rg3 {(offering draw) I would gladly settle for 
a + 16 temp,that would be nice.winter is a long 
season here .At times the temperature can be - 15 
to -25 for a week or more ..Brrr}  Qf6 {I miss 
skiing... :)}  44.Qxb5 {there is no shortage of 
snow this winter here! I've not much courage when 
it comes to downhill skiing though it's a nice 
view from on top !}  Rxh5 45.Qxd5 Qh4 46.Qe5 {you 
play a good game of chess golddim !}  Rg5 {Thanks, 
my best part of the game is over :)}  47.Kg2 Rxg3+ 
48.Qxg3 Qxg3+ 49.Kxg3 {Happy New Years golddim !}  
g5 {Thanks, happy new year!}  50.a4 Kg6 51.a5 Kf6 
52.Kf2 Ke6 53.Kg3 Kd5 54.Kf2 Kc4 55.Ke2 Kb5 56.Kf2 
Kxa5 57.d5 Kb5 58.d6 Kc6 0-1

[Event "HCL-B3738"]
[Site "www.playchess.de"]
[Date "2006.01.05"]
[Round "19"]
[White "bossjos"]
[Black "epenz"]
[WhiteElo "1279"]
[BlackElo "983"]
[PlyCount "73"]
[Result "1-0"]

1.e4 e5 2.Nf3 Nc6 3.Bc4 h6 4.d4 exd4 5.Nxd4 Nxd4 
6.Qxd4 d6 7.Nc3 Be6 8.Bxe6 fxe6 9.O-O Nf6 10.Re1 
Be7 11.Be3 O-O 12.Rad1 e5 13.Qd3 c6 14.f4 Nd7 
15.f5 b6 16.Qc4+ Kh8 17.Qxc6 Nc5 18.Nd5 Nxe4 
19.Nxe7 Qxe7 20.Qxe4 Rac8 21.c3 Rcd8 22.Bf2 Qg5 
23.Bh4 Qxf5 24.Qxf5 Rxf5 25.Bxd8 Kg8 26.Rxd6 Kf7 
27.Rd7+ Ke8 28.Rd2 b5 29.Ba5 Ke7 30.Red1 Kf6 
31.Rf2 a6 32.Rxf5+ Kxf5 33.Rd6 e4 34.Rxa6 e3 
35.Kf1 Ke4 36.Ke2 Kf4 37.Bb6 1-0

[Event "HCL-A2553"]
[Site "www.playchess.de"]
[Date "2006.01.05"]
[Round "3"]
[White "hal1958"]
[Black "scaper"]
[WhiteElo "1480"]
[BlackElo "1335"]
[PlyCount "50"]
[Result "0-1"]

1.b4 {have a nice game}  e5 {thanks you too but i 
am hating this opening! what about our other game? 
;-)}  2.Bb2 d6 3.e3 Nf6 4.c4 c6 5.Nf3 Be7 6.Be2 
O-O 7.h3 h6 8.O-O {Happy Newyear}  d5 {Happy 
Newyear!}  9.cxd5 e4 10.Nd4 cxd5 11.a3 Nc6 12.Nxc6 
bxc6 13.d3 Ba6 14.Bxf6 Bxf6 15.d4 Bxe2 16.Qxe2 a5 
17.Nc3 Be7 18.Qb2 Qb8 19.Rab1 axb4 20.axb4 Qc7 
21.f4 Rfb8 22.Na2 Qa7 23.Rba1 Qa3 24.Qxa3 Rxa3 
25.Kf2 Rba8 0-1

[Event "HCL-E1495"]
[Site "www.playchess.de"]
[Date "2006.01.05"]
[Round "7"]
[White "xasanov"]
[Black "baggur"]
[WhiteElo "2100"]
[BlackElo "1632"]
[PlyCount "46"]
[Result "0-1"]

1.e4 {Hi}  c5 {hello
}  2.Bc4 {helloooo}  e6 3.Nf3 Nc6 4.d4 cxd4 5.Nxd4 
Nf6 6.O-O Bc5 7.Nxc6 bxc6 8.Bg5 Be7 9.Nc3 d5 
10.exd5 cxd5 11.Bb3 O-O 12.Bxf6 Bxf6 13.Nxd5 exd5 
14.Bxd5 Rb8 15.Re1 Bb7 16.Bxb7 Qxd1 17.Raxd1 Rxb7 
18.Re4 Rxb2 19.c4 Rxa2 20.g3 a5 21.c5 g6 22.c6 Rc2 
23.Rd6 Bg7 0-1

[Event "HCL-B3688"]
[Site "www.playchess.de"]
[Date "2006.01.05"]
[Round "5"]
[White "JerryReneau"]
[Black "Felipe_Lungov"]
[WhiteElo "1124"]
[BlackElo "1213"]
[PlyCount "90"]
[Result "0-1"]

1.d4 Nf6 2.e3 d5 3.c4 c6 4.c5 Bf5 5.Nc3 e6 6.b4 
Be7 7.Bd3 Bxd3 8.Qxd3 O-O 9.Nf3 Qc7 10.O-O b6 
11.e4 dxe4 12.Qe3 exf3 13.Qxf3 Rd8 14.Be3 b5 
15.Ne4 Nxe4 16.Qxe4 Nd7 17.Bf4 Qb7 18.Qd3 Nf6 
19.Qg3 Rxd4 20.Rab1 Rad8 21.Bh6 Bf8 22.Bg5 Qe7 
23.h4 h5 24.Qe5 R8d5 25.Qe2 g6 26.Rbd1 Rxb4 
27.Rxd5 exd5 28.Qxe7 Bxe7 29.Re1 Re4 30.Rxe4 dxe4 
31.Be3 Nd7 32.Kf1 Nxc5 33.Ke2 a6 34.Kd2 Nd3 35.f3 
Bxh4 36.fxe4 Ne5 37.Kc3 Be7 38.Kd4 f6 39.Bf4 g5 
40.Bg3 Kf7 41.Bxe5 fxe5+ 42.Kxe5 h4 43.Kf5 c5 
44.Kg4 c4 45.Kf3 g4+ 0-1

[Event "HCL-B3813"]
[Site "www.playchess.de"]
[Date "2006.01.05"]
[Round "7"]
[White "maus"]
[Black "dynamike"]
[WhiteElo "1297"]
[BlackElo "1541"]
[PlyCount "61"]
[Result "1-0"]

1.e4 {yet one...}  c5 2.Nf3 e6 3.d4 cxd4 4.Nxd4 a6 
5.e5 Nc6 6.Bf4 Qb6 7.Nb3 Nge7 8.N1d2 Ng6 9.Be3 Qc7 
10.f4 Nb4 11.Nc4 Nd5 12.Qd4 Nxe3 13.Nxe3 b5 14.Bd3 
Ne7 15.Be4 Nc6 16.Bxc6 Qxc6 17.a3 a5 18.a4 b4 
19.O-O Bb7 20.f5 d5 21.exd6 Rd8 22.fxe6 Bxd6 
23.Qxg7 Rf8 24.exf7+ Kd7 25.Qxh7 Kc7 26.Rad1 Kb8 
27.Rf6 Ka8 28.Qh6 Rfh8 29.Rdxd6 Rxh6 30.Rdxc6 Bxc6 
31.Rxh6 1-0

[Event "HCL-B3793"]
[Site "www.playchess.de"]
[Date "2006.01.05"]
[Round "1"]
[White "dynamike"]
[Black "mrchess"]
[WhiteElo "1479"]
[BlackElo "1431"]
[PlyCount "101"]
[Result "1-0"]

1.e4 c6 2.d4 d5 3.Nc3 dxe4 4.Nxe4 e6 5.Nf3 Nf6 
6.Bg5 Be7 7.Nxf6+ Bxf6 8.Qd2 Nd7 9.Bf4 Nb6 10.c4 
O-O 11.b4 Re8 12.a4 Nd7 13.Be2 g6 14.Rd1 b6 15.O-O 
Bg7 16.Rfe1 Nf6 17.Ne5 Ne4 18.Qe3 Nd6 19.Nxc6 Qd7 
20.b5 Bb7 21.Bf3 Nf5 22.Qe4 Rec8 23.d5 exd5 
24.cxd5 Rce8 25.Qb4 Rxe1+ 26.Rxe1 Bf8 27.Qd2 a5 
28.g4 Ng7 29.Qb2 Re8 30.Rc1 h5 31.h3 Bd6 32.Bh6 f6 
33.Kg2 Be5 34.Qb3 Kh7 35.Be3 Bc7 36.Qd3 Qd6 37.Rh1 
h4 38.Be4 f5 39.gxf5 gxf5 40.Bxf5+ Nxf5 41.Qxf5+ 
Qg6+ 42.Qxg6+ Kxg6 43.Rd1 Re4 44.d6 Bd8 45.Kf1 
Bxc6 46.bxc6 Rc4 47.c7 Bxc7 48.dxc7 Rxc7 49.Bxb6 
Rc3 50.Kg2 Rc4 51.Rd4 1-0

[Event "HCL-B3813"]
[Site "www.playchess.de"]
[Date "2006.01.05"]
[Round "8"]
[White "PhilipKaveny"]
[Black "maus"]
[WhiteElo "1372"]
[BlackElo "1297"]
[PlyCount "70"]
[Result "1/2-1/2"]

1.e4 e5 {yet one...hello}  2.Nf3 {Hello and happy 
New year}  d6 {happy New year}  3.Bc4 h6 4.d4 exd4 
5.Nxd4 Nd7 6.O-O Ngf6 7.Re1 Ne5 8.Bb3 Be7 9.f4 Bg4 
10.Qd2 Nc6 11.Ba4 Bd7 12.Nxc6 bxc6 13.Nc3 O-O 
14.Kh1 Ng4 15.h3 Bh4 16.hxg4 Bxe1 17.Qxe1 Bxg4 
18.Qg3 Bd7 19.Be3 Qf6 20.Qf2 a6 21.Rf1 Rab8 22.e5 
Qf5 23.b3 dxe5 24.Qg3 e4 25.Ne2 Qh5+ 26.Kg1 Bf5 
27.Nd4 {Maus  you are playing like a Lion}  c5 
{no,i sorry...}  28.Nc6 Rba8 29.Bxc5 Rfe8 30.Ne7+ 
Rxe7 31.Bxe7 f6 32.Bxf6 Bg4 33.Bc6 Qc5+ 34.Qf2 
{Opps}  Qxc6 {yes}  35.Be5 Bf5 {(offering draw)} 
 1/2-1/2

[Event "HCL-A2451"]
[Site "www.playchess.de"]
[Date "2006.01.05"]
[Round "8"]
[White "sonnygarcia"]
[Black "saemi"]
[WhiteElo "1006"]
[BlackElo "1604"]
[PlyCount "62"]
[Result "0-1"]

1.e4 e5 {Hello from Iceland}  2.Nf3 Nc6 3.Bb5 a6 
4.Ba4 Nf6 5.O-O Be7 6.d3 b5 7.Bb3 d6 8.h3 Na5 9.c3 
Nxb3 10.Qxb3 h6 11.Nbd2 Bb7 12.Re1 O-O 13.Nf1 Nh5 
14.N1h2 Kh8 15.Ng4 Nf4 16.Bxf4 exf4 17.Nd4 c5 
18.Ne2 f5 19.Nxf4 fxg4 20.Ne6 Qc8 21.Nxf8 Qxf8 
22.hxg4 Qf6 23.c4 b4 24.Qc2 Rf8 25.Re3 Qg5 26.f3 
Qxe3+ 27.Kh2 Qf4+ 28.Kh1 h5 29.gxh5 Bf6 30.Re1 Bd4 
31.a3 Qh4+ 0-1

[Event "HCL-B3772"]
[Site "www.playchess.de"]
[Date "2006.01.05"]
[Round "4"]
[White "chessH"]
[Black "DTW"]
[WhiteElo "1281"]
[BlackElo "1200"]
[PlyCount "103"]
[Result "1/2-1/2"]

1.e4 e5 2.Nf3 Nc6 3.Bb5 a6 4.Ba4 b5 5.Bb3 Nf6 6.d3 
d6 7.O-O Be7 8.Nc3 O-O 9.Bg5 Bb7 10.Bxf6 Bxf6 
11.Nd5 Nd4 12.c3 Nxb3 13.Qxb3 h6 14.d4 exd4 
15.cxd4 Bxd5 16.Qxd5 Re8 17.Rad1 Qe7 18.e5 dxe5 
19.dxe5 Bxe5 20.Rfe1 Bxh2+ 21.Kxh2 Qd6+ 22.Qxd6 
cxd6 23.Rxe8+ Rxe8 24.Rxd6 a5 25.Nd4 Re5 26.f4 Rc5 
27.g4 Rc4 28.b3 Rc3 29.Nxb5 Rc2+ 30.Kh3 Rxa2 
31.Ra6 Rb2 32.Rxa5 Rxb3+ 33.Kh4 g6 34.Nd6 Rb6 
35.Ra8+ Kg7 36.Ne8+ Kf8 37.g5 hxg5+ 38.Kxg5 Ke7 
39.Nc7 Rc6 40.Ra7 Rc5+ 41.Kh6 Kf6 42.Ra6+ Kf5 
43.Ne8 Kxf4 44.Rf6+ Rf5 45.Ra6 g5 46.Ng7 Rd5 
47.Ra4+ Ke5 48.Kxg5 f6+ 49.Kg6 Rd6 50.Nh5 f5+ 
51.Kg5 Rd4 52.Rxd4 {(offering draw)} 
 1/2-1/2

[Event "HCL-C3917"]
[Site "www.playchess.de"]
[Date "2006.01.05"]
[Round "18"]
[White "Gordon"]
[Black "schachsky"]
[WhiteElo "964"]
[BlackElo "1184"]
[PlyCount "78"]
[Result "0-1"]

1.e4 e5 {Hello ,have a nice game!}  2.Nf3 {Thanks, 
I'm sure we will.}  d6 3.Bb5+ c6 4.Ba4 Nf6 5.Nc3 
Be7 6.O-O O-O 7.b4 b5 8.Bb3 Bb7 9.d4 exd4 10.Nxd4 
Nbd7 11.Qf3 Ne5 12.Qg3 Nh5 13.Qh3 Nf6 14.Nf5 Bc8 
15.Qg3 Nh5 16.Nh6+ Kh8 17.Qe3 gxh6 18.Qxh6 Ng7 
19.f4 Ng4 20.Qh3 Ne5 21.Qh6 Ng4 22.Qh3 Ne5 23.Qe3 
Ng4 24.Qe1 Qc7 25.f5 Bf6 26.Qg3 Ne5 27.Bh6 Rg8 
28.Rf4 d5 29.exd5 Nh5 30.Qh3 Nxf4 31.Qe3 Ng4 
32.Bxf4 Nxe3 33.Bxc7 Bxc3 34.Rb1 Rxg2+ 35.Kh1 Bxf5 
{Best wishes for 2006!}  36.dxc6 {Thanks, I hope 
you also have a good year.}  Rc8 37.Bf4 Rxc6 
38.Bxe3 Be4 39.a4 Rg7+ {oops!} 
 0-1

[Event "HCL-B3810"]
[Site "www.playchess.de"]
[Date "2006.01.05"]
[Round "2"]
[White "chessH"]
[Black "dynamike"]
[WhiteElo "1289"]
[BlackElo "1463"]
[PlyCount "140"]
[Result "1/2-1/2"]

1.d4 Nf6 2.Nc3 d5 3.Bg5 e6 4.e4 dxe4 5.Nxe4 Be7 
6.Bxf6 Bxf6 7.c3 Be7 8.Nf3 O-O 9.Bd3 b6 10.O-O c5 
11.dxc5 bxc5 12.b3 h6 13.Ne5 Qd5 14.Nf3 Rd8 15.Bc2 
Qh5 16.Qe2 Ba6 17.c4 Nc6 18.Ng3 Qg4 19.h3 Qf4 
20.Nh5 Qc7 21.Qe4 g6 22.Nf4 Bc8 23.Nxg6 f5 
24.Nxe7+ Nxe7 25.Qxa8 Ba6 26.Qxd8+ Qxd8 27.Rad1 
Qc7 28.Rfe1 Bc8 29.Rd2 Ng6 30.Red1 Kf7 31.R2d6 Qa5 
{(offering draw)}  32.Bb1 Ke7 {(offering draw)}  
33.h4 Qc7 34.Bxf5 Kf6 35.Bxg6 Kxg6 36.Ne5+ Kf5 
37.Nf3 Kf4 {(offering draw)}  38.R6d8 Kg4 39.Rg8+ 
Kf5 40.g4+ Kf6 41.g5+ hxg5 42.Nxg5 Qc6 43.Rdd8 Bb7 
44.Nh7+ Kf7 45.Rdf8+ Ke7 46.Rg7+ Kd6 47.f3 Ke5 
48.Rd8 Kf4 49.Rf7+ Ke3 50.Ng5 a5 51.Re7 Bc8 
52.Ree8 Qc7 53.Kg2 Qe5 54.Rdxc8 Qb2+ 55.Kh3 Ke2 
56.Rxe6+ Kf1 57.Kg4 Qxa2 58.Rxc5 Qxb3 59.Ree5 a4 
60.Ne4 Kg2 61.Nd2 Qd1 62.Rcd5 a3 63.Reg5 Kh2 
64.Nf1+ Qxf1 65.Rd2+ Kh1 66.Rgd5 Qxc4+ 67.R5d4 
Qe6+ 68.Kg3 Qe5+ 69.Kh3 Qf5+ 70.Kg3 Qe5+ 
{(offering draw)}  1/2-1/2

[Event "HCL-C3898"]
[Site "www.playchess.de"]
[Date "2006.01.05"]
[Round "13"]
[White "Milosforman"]
[Black "elfrun"]
[WhiteElo "1052"]
[BlackElo "934"]
[PlyCount "51"]
[Result "1-0"]

1.d4 d5 {hi again!}  2.Nf3 Nc6 {you think, you 
know where you made a mistake last time? ;o)}  
3.c3 {i dont remember which game...}  Bf5 {have a 
look: 
http://www.playchess.de/games/HCL-C3525-19 

but now it is over, anyway... different move...}  
4.Nbd2 {lol i hope to not remake the same 
mistake!}  f6 {well, can't be the SAME any more... 
but we'll see how it goes :o)}  5.h3 e5 6.e3 exd4 
{sorry for the long wait. I was very busy 
lately...}  7.exd4 Qe7+ 8.Be2 O-O-O 9.O-O g5 10.h4 
g4 11.Nh2 h5 12.f3 Qe6 13.c4 Qe3+ 14.Rf2 Qxd4 
15.Nb3 Qxd1+ 16.Bxd1 Bd6 17.fxg4 Bxg4 18.Nxg4 hxg4 
19.Bxg4+ Kb8 20.cxd5 Rxh4 21.Bf3 Bh2+ 22.Kf1 Bg3 
23.Rd2 Rh1+ {Felice Anno Nuovo!
Happy New Year! 
to you Milosforman}  24.Ke2 {ein frohes neues Jahr 
Elfrun!}  Re8+ {vielen dank! :o)
check! ;o)}  25.Kd3 f5 26.dxc6 1-0

[Event "HCL-M844"]
[Site "www.playchess.de"]
[Date "2006.01.05"]
[Round "2"]
[White "ABE"]
[Black "temple"]
[WhiteElo "1646"]
[BlackElo "1794"]
[PlyCount "48"]
[Result "0-1"]

1.d4 {good luck}  d5 2.g3 Nf6 3.Nc3 e6 4.Bg2 Be7 
5.Nf3 O-O 6.O-O c5 7.Bg5 cxd4 8.Nxd4 Nc6 9.Nxc6 
bxc6 10.e3 h6 11.Bxf6 Bxf6 12.Na4 Qa5 13.c3 Ba6 
14.b4 Qc7 15.Re1 Bb5 16.Rc1 a5 17.Bf1 axb4 18.Bxb5 
cxb5 19.cxb4 Qd6 20.Nc5 Rxa2 21.Qb3 Rfa8 22.Nb7 
Qe7 23.Na5 Rb2 24.Qa3 Qxb4 0-1

[Event "HCL-B3688"]
[Site "www.playchess.de"]
[Date "2006.01.05"]
[Round "9"]
[White "scotty4u"]
[Black "GMO"]
[WhiteElo "1318"]
[BlackElo "1281"]
[PlyCount "122"]
[Result "0-1"]

1.e4 e5 2.Bc4 Nf6 3.Nc3 Bb4 4.Nge2 O-O 5.O-O d6 
6.a3 Bxc3 7.Nxc3 a6 8.d4 b5 9.Ba2 h6 10.dxe5 dxe5 
11.Nd5 Nxd5 12.Bxd5 c6 13.Bb3 a5 14.Qf3 Qd7 15.Qg3 
Qe7 16.Bxh6 Qf6 17.Bg5 Qg6 18.Bh4 Qxg3 19.Bxg3 Nd7 
20.Rad1 Nc5 21.Bxe5 Nxb3 22.cxb3 Re8 23.f4 Bg4 
24.Rd3 Be2 25.Rfd1 Bxd3 26.Rxd3 f6 27.Bc7 Rxe4 
28.Rd8+ Rxd8 29.Bxd8 a4 30.bxa4 Rxa4 31.g3 Rd4 
32.Ba5 Kf7 33.Bc3 Re4 34.Kf2 f5 35.Kf3 g6 36.h3 
Ke6 37.g4 Rc4 38.h4 fxg4+ 39.Kxg4 Rc5 40.Be5 Rc2 
41.Kg5 Kf7 42.Kh6 Rh2 43.Kg5 Rg2+ 44.Kh6 Rg4 45.h5 
Rh4 46.Kg5 Rxh5+ 47.Kg4 Ke6 48.b3 Kd5 49.a4 bxa4 
50.bxa4 Kc5 51.a5 Kb5 52.Bc7 c5 53.Kf3 c4 54.Ke2 
Rh3 55.Bb6 Rh2+ 56.Ke1 c3 57.Kd1 Ra2 58.Ke1 c2 
59.Kd2 Kc4 60.Bd8 Kb3 61.Kc1 Ra1+ 0-1

[Event "HCL-B3825"]
[Site "www.playchess.de"]
[Date "2006.01.05"]
[Round "7"]
[White "scotty4u"]
[Black "dynamike"]
[WhiteElo "1336"]
[BlackElo "1610"]
[PlyCount "30"]
[Result "0-1"]

1.e4 c5 2.Bc4 e6 3.Nf3 Nc6 4.Nc3 a6 5.O-O Qc7 
6.Re1 d6 7.d4 cxd4 8.Nxd4 Nf6 9.Bf4 Nxd4 10.Qxd4 
e5 11.Bxe5 dxe5 12.Qd3 Be7 13.Nd5 Nxd5 14.Qxd5 O-O 
15.Rad1 Be6 0-1

[Event "HCL-B3821"]
[Site "www.playchess.de"]
[Date "2006.01.05"]
[Round "1"]
[White "dynamike"]
[Black "scotty4u"]
[WhiteElo "1610"]
[BlackElo "1336"]
[PlyCount "37"]
[Result "1-0"]

1.e4 e5 2.Nf3 Nc6 3.Bc4 h6 4.d4 d6 5.dxe5 dxe5 
6.Qxd8+ Nxd8 7.Nxe5 Be6 8.Bb5+ c6 9.Be2 Bd6 10.Bf4 
g5 11.Bg3 h5 12.h3 Nf6 13.Nc3 O-O 14.O-O-O Bb4 
15.a3 Bxc3 16.bxc3 Nxe4 17.Bxh5 Nxc3 18.Rd3 Ne2+ 
19.Bxe2 1-0

[Event "HCL-E1480"]
[Site "www.playchess.de"]
[Date "2006.01.05"]
[Round "29"]
[White "bobp"]
[Black "Glomp"]
[WhiteElo "1864"]
[BlackElo "1636"]
[PlyCount "77"]
[Result "1-0"]

1.d4 {Ich wünsche uns viel Spaß. Gruß, Bob}  Nf6 
{Danke, wünsche ich uns auch. Gruß, Jürgen}  2.Nf3 
g6 3.c4 Bg7 4.Nc3 O-O 5.Bg5 d6 6.e3 Nbd7 7.Qc2 c6 
8.Rd1 Qc7 9.Be2 Re8 10.O-O e5 11.Bh4 exd4 12.Nxd4 
Nf8 13.Bg3 Qe7 14.Rfe1 Bg4 15.f3 Bd7 16.e4 Rad8 
17.Nb3 Be6 18.Qd2 Nh5 19.Bxd6 Rxd6 20.Qxd6 Bxc3 
21.Qxe7 Rxe7 22.bxc3 Nd7 23.g3 Nhf6 24.Na5 Nc5 
25.Rd8+ Kg7 26.Ra8 a6 27.Rb1 Rc7 28.Ra7 Ne8 29.e5 
b5 30.Rxc7 Nxc7 31.Nxc6 Bxc4 32.Bxc4 bxc4 33.Rb4 
Nd5 34.Rxc4 Ne6 35.Kf2 Nec7 36.Nb4 Nxb4 37.cxb4 
Nd5 38.a3 Nb6 {Merry Christmas!}  39.Rc6 { Guten 
Rutsch ins neue Jahr, Glück und Erfolg} 
 1-0

[Event "HCL-E1525"]
[Site "www.playchess.de"]
[Date "2006.01.05"]
[Round "34"]
[White "Spotsychess"]
[Black "Emerson"]
[WhiteElo "1474"]
[BlackElo "1802"]
[PlyCount "60"]
[Result "0-1"]

1.e4 e5 2.Nf3 Qe7 3.Bc4 d6 4.d3 h6 5.Nc3 c6 6.a3 
Nf6 7.h3 g5 8.Nh2 Bg7 9.Bd2 Be6 10.Ba2 Nbd7 11.b4 
O-O 12.O-O Rfd8 13.Qe2 Nf8 14.a4 Ng6 15.Rab1 d5 
16.exd5 cxd5 17.Rfc1 d4 18.Bxe6 dxc3 19.Bxf7+ Qxf7 
20.Bxc3 Nd5 21.Ba1 Ngf4 22.Qe4 Qg6 23.Rce1 Qxe4 
24.Rxe4 Rac8 25.c4 Nf6 26.Re3 Rxd3 27.Bxe5 Rxe3 
28.fxe3 Nd3 29.Bd4 Rxc4 30.Bxa7 
Rxb4 0-1